Installation instructions

Uloženo v:
Podrobná bibliografie
Médium: Kniha
Jazyk:Undetermined
Vydáno: [ s.l ] [ s.n ]
Témata:
Tagy: Přidat tag
Žádné tagy, Buďte první, kdo otaguje tento záznam!
Thư viện lưu trữ: Trung tâm Học liệu Trường Đại học Cần Thơ
LEADER 00377nam a2200145Ia 4500
001 CTU_102248
008 210402s9999 xx 000 0 und d
082 |a 004.07 
082 |b I.59 
245 0 |a Installation instructions 
260 |a [ s.l ] 
260 |b [ s.n ] 
650 |a Electronic computers 
904 |i Truc 
980 |a Trung tâm Học liệu Trường Đại học Cần Thơ